| 000 | 00755cam a2200253 a 4500 | ||
|---|---|---|---|
| 999 |
_c529113 _d529113 |
||
| 001 | 989060 | ||
| 005 | 20190919185819.0 | ||
| 008 | 860710s1987 nyua 001 0 eng | ||
| 010 | _a 86018355 | ||
| 020 | _a0060453133 | ||
| 040 |
_aDLC _cDLC _dDLC |
||
| 050 | 0 | 0 |
_aTA405 _b.P98 1987 |
| 082 | 0 | 0 |
_a620.112 _219 _bPYT |
| 100 | 1 |
_aPytel, Andrew. _920970 |
|
| 245 | 1 | 0 |
_aStrength of materials / _cAndrew Pytel, Ferdinand L. Singer. |
| 250 | _a4th ed. | ||
| 260 |
_aNew York : _bHarper & Row, _c1987. |
||
| 300 |
_axiii, 594 p. : _bill. ; _c24 cm. |
||
| 500 | _aIncludes index. | ||
| 650 | 0 |
_aStrength of materials. _9563 |
|
| 700 | 1 |
_aSinger, Ferdinand Leon, _d1907- _920971 |
|
| 906 |
_a7 _bcbc _corignew _d1 _eocip _f19 _gy-gencatlg |
||
| 942 |
_2ddc _cBK |
||